Problem of identity: women in early Indian inscriptions (Record no. 4267)

MARC details
000 -LEADER
fixed length control field 00533nam a2200181Ia 4500
020 ## - INTERNATIONAL STANDARD BOOK NUMBER
ISBN 0-19-565322-X
082 ## - DEWEY DECIMAL CLASSIFICATION NUMBER
Classification number 305.40954 SHA-P
100 ## - MAIN ENTRY--AUTHOR NAME
Personal name Shah, Kirit K.
245 #0 - TITLE STATEMENT
Title Problem of identity: women in early Indian inscriptions
260 ## - PUBLICATION, DISTRIBUTION, ETC. (IMPRINT)
Place of publication New Delhi
Name of publisher Oxford University Press
Year of publication 2001
300 ## - PHYSICAL DESCRIPTION
Number of Pages xvi, 194
504 ## - BIBLIOGRAPHY, ETC. NOTE
Bibliography, etc includes bibliography and index
650 ## - SUBJECT ADDED ENTRY--TOPICAL TERM
Topical Term Women
Form subdivision Social conditions
Geographic subdivision India
650 ## - SUBJECT ADDED ENTRY--TOPICAL TERM
Topical Term Women
Form subdivision History
650 ## - SUBJECT ADDED ENTRY--TOPICAL TERM
Topical Term Women
Form subdivision Legal status, laws, etc.
650 ## - SUBJECT ADDED ENTRY--TOPICAL TERM
Topical Term Women
Form subdivision Identity
Geographic subdivision India
942 ## - ADDED ENTRY ELEMENTS (KOHA)
Koha item type Books
Holdings
Withdrawn status Lost status Damaged status Not for loan Home library Current library Date acquired Source of acquisition Bill Date Full call number Accession Number Price effective from Koha item type
        NASSDOC Library NASSDOC Library 24/08/2005 Gifted by : North-East Gender and Minori 2005-05-20 305.40954 SHA-P 40847 18/04/2019 Books